00341nam a22001217a 4500020001800000040000900018082001500027100002200042110001800064245007700082260003500159650002500194 a9783030071196 cNUST a671.35 KIS aKishawy, Hossam A aHosseini, Ali aMachining Difficult-To-Cut Materials : bBasic Principles and Challenges aSwitzerland:bSpringer,c2019. aMachining.NUSTTB2022